000 02218nam a2200361 i 4500
001 193389
003 ES-MaACL
005 20240903062952.0
007 ta
008 231113b sp ||||| |||| 00| 0 spa d
020 _a9798391697503
040 _bspa
_cES-MaACL
100 1 _9226266
_aGómez Casañ, Rosa,
_d1958-
245 1 0 _aDe boscos m'ha habitat natura =
_bMe han habitado los bosques de la naturaleza /
_cRosa Gómez Casañ ; pròleg = prólogo de Josep Carles Laínez
246 _aMe han habitado los bosques de la naturaleza
250 _aEdició bilingüe = edición bilingüe
260 _a[Italia :
_bAmazon Italia Logistica],
_c2023
300 _a75 páginas ;
_c22 cm
336 _2rdacontent
_aTexto
337 _2rdamedia
_asin mediación
338 _2rdacarrier
_avolumen
520 _aNos ofrece una serie de poemas que no son un cántico a la naturaleza como creación, pero sí que lo son; ni tampoco rezuman el temor de una degradación y pérdida cada vez más verosímil, que también; sino una reflexión que –y hasta cierto punto es paradójico– sobrepasa las sendas del espíritu para llegar a una metafísica de la naturaleza, es decir, a una reflexión filosófica no sobre la naturaleza, que también, sino sobre nuestra relación con ella cuando nosotros dejamos de ser nosotros, y la naturaleza deja de ser naturaleza. No es una compilación de poemas desparejados, sino una obra creada con una voluntad unitaria que tira de nosotros en direcciones que parecen divergentes, pero que conducen a una única unidad de sentido: porque los versos, como toda poesía con contenido y profundidad, acaban por hablar de nosotros mismos.
546 _aTexto en valenciano y castellano
655 7 _aPoesías
_2tgfbne
_9176539
700 1 _aLaínez, José Carlos,
_d1970-
_eaui
_9234551
852 _aES-MaACL
_bR. 154799
_cDEPOJ
_jN-9545
_9200835
_hDonación: Rosa Gómez Casañ
_xEncuadernación rústica
903 _9226266
_aGómez Casañ, Rosa,
_d1958-
_ednr
942 _n0
_cMONOGRAFIA
999 _c193389
_d193389